Statystyki dla Puchar Narodów w skokach narciarskich 22/23

Kliknij tutaj aby rozwiązać quiz!

Ogólne statystyki

  • Ten quiz został rozwiązany 36 razy
  • Średni wynik to 17 z 20

Statystyki odpowiedzi

MiejsceKrajPunkty% Poprawnych
1.Austria7 093
100%
5.Niemcy4 512
100%
2.Norwegia5 631
100%
4.Polska4 889
100%
8.Finlandia459
97%
6.Japonia2 035
97%
3.Słowenia5 573
97%
10.USA356
97%
9.Włochy415
94%
7.Szwajcaria782
91%
16.Kanada35
85%
15.Ukraina41
85%
11.Czechy72
79%
18.Kazachstan12
79%
13.Bułgaria63
76%
12.Estonia64
76%
14.Rumunia57
76%
17.Turcja16
76%
20.Korea Południowa0
64%
19.Chiny0
58%

Rozkład punktacji

Percentyl według liczby udzielonych odpowiedzi

Procent ludzi z każdym wynikiem

Twoja historia wyników

Nie rozwiązałeś tego quizu